[Event "Rodostosah GM 2019"]
[Site "Tekirdag"]
[Date "2019.02.11"]
[Round "3.3"]
[White "Ozen, Deniz"]
[Black "Annageldyev, Orazly"]
[Result "1/2-1/2"]
[WhiteElo "2410"]
[BlackElo "2377"]
[Annotator "TA"]
[PlyCount "223"]
[EventDate "2019.02.08"]
[EventType "schev"]
[EventCountry "TUR"]
[SourceTitle "playchess.com"]
[Source "ChessBase"]
[SourceQuality "1"]

{[%evp 17,223,-18,8,6,9,10,21,7,72,18,20,4,9,0,0,0,0,0,0,0,10,10,10,12,21,12,12,20,38,27,29,23,66,70,121,128,120,115,120,124,151,145,151,144,144,144,147,147,143,135,144,143,135,74,74,74,78,73,101,104,156,139,146,141,309,322,320,317,354,353,346,300,339,339,317,254,323,322,351,347,365,341,620,372,331,0,399,335,395,393,379,170,1381,1379,1174,1095,489,14,35,8,8,8,8,8,8,0,8,7,8,8,7,7,7,7,7,7,8,0,8,0,0,0,8,7,8,8,8,8,8,8,8,8,8,8,8,8,8,8,8,8,8,8,8,8,8,8,8,8,8,8,8,8,8,0,8,8,8,8,8,0,8,0,8,8,8,8,12,0,0,0,0,0,0,0,0,0,0,0,0,0,0,0,0,0,0,0,0,0,0,0,8,0,0,0,0,0,8,0,0,0,0,0,0,0,0,0,0,0]} 1. e4 c5 2. Nf3 e6 3. c3 d5 4. exd5 Qxd5 5. d4 Nf6 6. Be2 Be7 7. O-O O-O 8. Be3 Nc6 9. h3 Rd8 {LiveBook: 3 Games. B22: Sicilian: 2 c3} (9... cxd4 10. cxd4 Qd6 11. Nbd2 Nd5 12. Nc4 Qd8 13. Rc1 Bf6 14. Nfe5 Bxe5 15. Nxe5 Nxe3 16. fxe3 Qg5 17. Nxc6 Qxe3+ {½-½ (64) Abasov,N (2470)-Grigoryan,K (2473) Kocaeli 2011}) 10. dxc5 Qxd1 11. Rxd1 Rxd1+ 12. Bxd1 Nd7 $146 (12... Nd5 $11) ({Predecessor:} 12... Ne4 13. b4 a5 14. Bc2 Nxc3 15. Nxc3 Bf6 16. Rd1 Nxb4 17. Ne4 {1-0 (42) Skrynnikov,D-Fedorov,O Kaluga 2003}) 13. Nd4 (13. b4 $16) 13... Bxc5 $11 14. Nxc6 {Black must now prevent Nd4.} Bxe3 15. Ne7+ Kf8 {Strongly threatening ...Bc1.} 16. Nxc8 Bc1 17. Nd2 Bxd2 18. Nd6 Bf4 19. Nxb7 Rb8 20. Bf3 Ne5 21. Be4 f5 22. Nc5 Ke7 23. Bc2 $1 Rxb2 24. Bb3 Ng6 25. Re1 Bd2 (25... Bc7 $14) 26. Rxe6+ $16 Kd8 27. Ra6 Bxc3 28. Rxa7 Rb1+ 29. Kh2 {aiming for Ne6+.} Be5+ 30. g3 {Rd7+ is the strong threat.} f4 31. Kg2 fxg3 32. fxg3 Rb2+ 33. Kf3 Rd2 34. h4 {[%cal Bh3h4,Bh4h5][%mdl 32] And now Ne6+ would win.} Nf8 35. g4 (35. Ne4 $142 Rd3+ 36. Ke2) 35... Bd4 36. Ra5 Ke7 37. h5 Rf2+ 38. Ke4 Bxc5 (38... Rd2 $142 39. Nd3 Bg1 40. Re5+ Kd8 41. Rd5+ Kc7) 39. Rxc5 {[%mdl 4096] Endgame Hoping for Rc7+. KRB-KRN} Nd7 40. Rg5 g6 $2 (40... Kf6 $16 41. Rb5 Ke7) 41. hxg6 $18 hxg6 42. Rxg6 Nc5+ 43. Kd4 Nd7 44. Re6+ Kd8 45. Ke3 Rf1 46. Rg6 Ne5 47. Rg7 Ke8 48. Ke4 Nf3 49. g5 Nh4 $2 (49... Nd2+ 50. Ke5 Kf8) 50. Rg8+ Ke7 51. Rg7+ $2 ({White should try} 51. g6 $18) 51... Kf8 $2 {[%mdl 8192]} (51... Ke8 $1 $11 {and Black is okay.} 52. a4 Re1+ 53. Kf4 Rf1+ 54. Kg4 Nf5) 52. Ra7 Ng6 53. a4 Rf4+ 54. Ke3 (54. Kd5 $142) 54... Rf5 $2 {[#]} (54... Rg4) 55. Ra8+ $1 Ke7 56. Bc2 Re5+ {[#]} 57. Be4 $2 (57. Kd4 $1 $18) 57... Rxg5 $11 58. Rg8 (58. Ra7+ {seems wilder.} Kd8 59. Kd4 Ne7 60. a5 Nc8 61. Ra6) 58... Ra5 {The position is equal.} 59. Rxg6 Rxa4 {KRB-KR} 60. Kf4 Ra5 61. Rb6 Kf7 62. Bf5 Ra1 63. Rd6 Ke7 64. Rd5 Kf6 65. Be4 Rf1+ 66. Bf3 Re1 67. Ra5 Rf1 68. Ra6+ Ke7 69. Ke4 Kf7 70. Bg4 Re1+ 71. Kd5 Kg7 72. Bf5 Rd1+ 73. Ke5 Re1+ 74. Be4 Rf1 75. Rg6+ Kf7 76. Rg2 Ke7 77. Rh2 Rf7 78. Bf5 Kd8 79. Ra2 (79. Kd6 $5 {[%cal Rh2h8]} Rd7+ 80. Ke6 $14) 79... Re7+ 80. Kf6 {Ra8+ would kill now.} Rb7 $1 81. Rc2 {[%csl Gf5][%cal Rc2c8]} Rb8 82. Be6 Ra8 83. Rc6 $1 Rb8 $1 84. Ke5 Rb7 85. Kf6 {[%csl Ge6][%cal Rc6c8]} Rb8 86. Bh3 Ra8 87. Rc5 Ra6+ 88. Kf7 {[%csl Gh3][%cal Rc5c8]} Ra7+ 89. Kf6 {[%csl Gh3][%cal Rc5c8]} Ra8 90. Rc3 Rb8 91. Be6 Ra8 92. Rd3+ Kc7 93. Ke7 Ra6 94. Bd7 Ra1 95. Rc3+ Kb6 96. Be6 Rd1 97. Kf6 Re1 98. Kf5 Kb5 99. Bd5 Kb4 100. Rc8 Re3 101. Rc4+ Kb5 102. Rc1 Kb4 103. Be4 Rc3 104. Rd1 Kc5 105. Ke5 Rc4 106. Rd8 Rc3 107. Bd3 Kb6 108. Kd4 Rc1 109. Kd5 Kc7 110. Rh8 Rd1 111. Rh3 Kb6 112. Ke4 {Precision: White = 61%, Black = 60%.} 1/2-1/2

[Event "Rodostosah GM 2019"]
[Site "Tekirdag"]
[Date "2019.02.11"]
[Round "3.4"]
[White "Can, Isik"]
[Black "Pikula, Dejan"]
[Result "1/2-1/2"]
[WhiteElo "2382"]
[BlackElo "2477"]
[Annotator "TA"]
[PlyCount "86"]
[EventDate "2019.02.08"]
[EventType "schev"]
[EventCountry "TUR"]
[SourceTitle "playchess.com"]
[Source "ChessBase"]
[SourceQuality "1"]

{[%evp 14,86,39,25,22,20,38,44,35,37,54,22,52,34,35,11,18,0,0,0,0,-7,-14,0,0,-25,-24,-29,-14,-20,-30,-29,-31,-54,0,-43,0,0,0,0,8,8,8,8,8,-17,0,-59,0,0,0,-43,0,0,7,7,9,0,0,0,68,8,10,0,0,0,0,0,0,0,0,0,0,0,0]} 1. e4 d6 2. d4 Nf6 3. Nc3 e5 4. Nf3 Nbd7 5. Bc4 Be7 6. O-O O-O 7. Re1 c6 8. a4 {[%cal Ba2a4,Ba4a5][%mdl 32]} exd4 {C41: Philidor Defence} (8... b6 9. h3 a6 10. Ba2 Rb8 11. Be3 b5 12. axb5 axb5 13. b4 Bb7 14. Bb3 exd4 15. Nxd4 d5 16. exd5 Bxb4 17. Bd2 cxd5 18. Ncxb5 Bxd2 19. Qxd2 {½-½ (30) Kryvoruchko,Y (2705)-Laznicka,V (2671) Brest 2018}) 9. Nxd4 Ne5 10. Bb3 Re8 {White is slightly better.} 11. h3 Ng6 12. a5 Qc7 13. Be3 Bd7 $146 ({Predecessor:} 13... Bf8 14. Qd3 Bd7 15. Bg5 Be7 16. Qc4 Ne5 {1-0 (59) Rivas Maceda,J (2334)-Eilmes,D (2276) ICCF email 2011}) 14. Nf5 Bf8 15. Bd4 (15. Ng3 {looks sharper.} Be6 16. Bd4 Ne5 17. f4 Ned7 18. Qf3) 15... Bxf5 16. exf5 {[#] Hoping for Rxe8.} Ne5 17. Bxe5 Rxe5 18. Rxe5 dxe5 19. Qf3 Rd8 20. g4 h6 21. a6 b5 22. Re1 Bb4 23. Qg3 Bxc3 (23... Qc8 $15 24. Ra1 Qb8) 24. Qxc3 e4 25. Qc5 $1 Rd7 (25... Kh7 {seems wilder.} 26. Re3 Rd7 27. Kg2 Rd2 28. Rc3 Re2) 26. Kg2 Qd6 27. Qxd6 Rxd6 $11 {[%mdl 4096] Endgame KRB-KRN} 28. h4 Kf8 29. Kg3 c5 30. g5 ({White should play} 30. c4 $11) 30... hxg5 (30... Ne8 $15) 31. hxg5 Ne8 32. c4 ({Much worse is} 32. Rxe4 c4 $17) 32... bxc4 33. Bxc4 Rd4 34. b3 Nd6 {[%mdl 64] [#] Double Attack} 35. f6 gxf6 36. gxf6 Ne8 ({Black should try} 36... Ke8 $11) 37. Ra1 (37. Rh1 $1 $14 Nxf6 38. Rh8+ Kg7 39. Rb8) 37... Rd6 {The position is equal.} 38. Ra5 Rxf6 39. Rxc5 Nd6 40. Be2 e3 41. f3 Nf5+ $1 42. Kf4 Nd4+ 43. Kxe3 Nxe2 {Accuracy: White = 44%, Black = 68%.} 1/2-1/2

[Event "Rodostosah GM 2019"]
[Site "Tekirdag"]
[Date "2019.02.11"]
[Round "3.5"]
[White "Ozenir, Ekin Baris"]
[Black "Stankovic, Milos"]
[Result "0-1"]
[WhiteElo "2262"]
[BlackElo "2453"]
[Annotator "TA"]
[PlyCount "86"]
[EventDate "2019.02.08"]
[EventType "schev"]
[EventCountry "TUR"]
[SourceTitle "playchess.com"]
[Source "ChessBase"]
[SourceQuality "1"]

{[%evp 9,86,5,42,15,21,14,23,23,29,18,42,18,25,14,18,0,0,0,2,-18,-18,-18,0,0,0,0,0,0,0,-48,-20,-17,-18,-18,-20,-52,-52,-52,-27,-52,-52,-52,-51,-52,-52,-50,-50,-54,-50,-56,-47,-60,-61,-60,0,0,0,-16,-18,-16,-14,-19,-22,-29,0,-21,-16,-17,-14,-105,-88,-300,-278,-601,-523,-669,-615,-29983,-29984]} 1. d4 Nf6 2. Bg5 d5 3. e3 Ne4 4. Bf4 c5 5. Bd3 Nf6 6. c3 {A45: Trompowsky Attack} Nc6 7. Nd2 e6 8. Ngf3 {White has an edge.} Bd6 9. Bg3 O-O 10. Ne5 Ne7 11. O-O b6 12. f4 $146 ({Predecessor:} 12. a4 a5 13. e4 cxd4 14. cxd4 dxe4 15. Nxe4 Nxe4 16. Bxe4 Nd5 17. Qc2 {0-1 (55) Gupta,A (2619)-Ssegwanyi,A (2373) Mansa 2017}) 12... Bb7 13. Qb1 Ng6 14. Nxg6 hxg6 15. Bh4 Qc7 16. Rf3 cxd4 17. cxd4 Bb4 18. Bxf6 gxf6 19. Nf1 Kg7 20. a3 Bd6 $36 {[%mdl 2048] White is under pressure.} 21. Rg3 {[%cal Rd3g6]} f5 22. Nd2 Rh8 23. Nf3 Rac8 24. Ne5 Qe7 25. Qd1 Rc7 26. Nf3 Bc6 27. h4 Qe8 28. Qe2 Ba4 29. Kf2 Qc8 30. Rh1 Bc2 {[#] ...Bxd3 is the strong threat.} 31. Ba6 Qe8 (31... Qb8 $15) 32. Bb5 $11 Qd8 33. Ng5 Be7 34. h5 Bxg5 35. Rxg5 Be4 36. Ba4 $1 Qc8 37. Rh3 Rc1 38. hxg6 fxg6 {[#] Strongly threatening ...Rxh3.} 39. Rhg3 (39. Rxh8 $1 $11 {keeps the balance.} Qxh8 40. Qb5) 39... Rh6 $17 {Hoping for ...Qc4.} 40. Qb5 $2 (40. Bd1 $17) 40... Kf7 $19 41. Qe2 $2 (41. Rh3 Rxh3 42. gxh3) 41... Rb1 42. Qb5 Kf6 43. Qe2 Qc1 {Accuracy: White = 30%, Black = 78%.} 0-1

[Event "Rodostosah GM 2019"]
[Site "Tekirdag"]
[Date "2019.02.12"]
[Round "4.1"]
[White "Bajarani, Ulvi"]
[Black "Gokerkan, Cem Kaan"]
[Result "1-0"]
[WhiteElo "2420"]
[BlackElo "2423"]
[Annotator "TA"]
[PlyCount "65"]
[EventDate "2019.02.08"]
[EventType "schev"]
[EventCountry "TUR"]
[SourceTitle "playchess.com"]
[Source "ChessBase"]
[SourceQuality "1"]

{[%evp 22,65,34,34,43,29,54,42,72,31,31,24,43,50,35,0,0,0,0,2,192,193,191,128,161,161,145,154,161,165,167,147,215,203,206,208,193,169,171,-8,732,513,713,506,29993,29994]} 1. d4 Nf6 2. c4 e6 3. Nf3 b6 4. g3 Ba6 5. b3 Bb7 6. Bg2 Bb4+ 7. Bd2 c5 8. O-O O-O 9. Bxb4 cxb4 10. a3 Na6 11. Ne5 {E15: Queen's Indian: 4 g3 sidelines, 4 g3 Ba6 and 4 g3 Bb7 early deviations} (11. Qd2 Qe7 12. axb4 Nxb4 13. Nc3 Ne4 14. Nxe4 Bxe4 15. Ne5 Bxg2 16. Kxg2 a5 17. e4 d6 18. Nf3 Rac8 {0-1 (28) Mamedyarov,S (2763)-Carlsen,M (2802) Moscow 2010}) 11... Bxg2 12. Kxg2 {LiveBook: 5 Games} Qe7 13. f3 {White is slightly better.} bxa3 14. Nxa3 Nb4 15. Nb5 d5 16. Qd2 a5 17. Rfc1 Rfc8 {[#]} 18. cxd5 $146 ({Predecessor:} 18. c5 bxc5 19. dxc5 {½-½ (32) Roubaud,D (2550)-Kolesar,M (2531) ICCF email 2012}) 18... exd5 19. Rxc8+ Rxc8 20. Rc1 $36 {[%mdl 2048] White is pushing.} Qe6 $2 {[#]} (20... Rxc1 $11 {and Black has nothing to worry.} 21. Qxc1 Ne8) 21. Rxc8+ $18 Qxc8 22. Nxf7 (22. Nd6 $18 Qc7 23. Ndxf7 (23. Nexf7 Ne8 $16)) 22... Qc2 23. Qxc2 Nxc2 {[%mdl 4096] Endgame KNN-KNN} 24. Nfd6 Kf8 25. Nc8 Nd7 26. e4 dxe4 (26... Na1 $16 27. Kf2 (27. exd5 Nxb3 28. Kf2 Nc1 $16) 27... Nxb3) 27. fxe4 Na1 28. e5 {[%cal Be4e5,Be5e6,Be6e7][%mdl 32] And now Nbd6 would win.} Nxb3 29. e6 Nf6 30. Nbd6 $2 (30. Kf3 $18) 30... a4 $2 {[%mdl 8192]} (30... Nd5 $11) 31. e7+ Kg8 32. Nxb6 {Intending Nd5! and mate.} a3 {[#]} (32... Ne8 $18) 33. Nd5 $1 {[%mdl 512] Precision: White = 60%, Black = 31%.} 1-0

[Event "Rodostosah GM 2019"]
[Site "Tekirdag"]
[Date "2019.02.12"]
[Round "4.2"]
[White "Annageldyev, Orazly"]
[Black "Kamer, Kayra"]
[Result "1-0"]
[WhiteElo "2377"]
[BlackElo "2419"]
[Annotator "TA"]
[PlyCount "63"]
[EventDate "2019.02.08"]
[EventType "schev"]
[EventCountry "TUR"]
[SourceTitle "playchess.com"]
[Source "ChessBase"]
[SourceQuality "1"]

{[%evp 13,63,0,18,0,23,0,14,2,65,70,57,56,55,53,84,16,101,120,151,55,131,145,130,123,160,93,232,210,385,361,483,473,475,459,450,449,1970,677,725,723,673,679,29984,117,29985,29986,29986,29987,29987,29988,29992,29993]} 1. e4 c5 2. Nf3 e6 3. d4 cxd4 4. Nxd4 a6 5. Nc3 Qc7 6. Be3 Nf6 7. a3 b5 8. f3 {B43: Sicilian: Kan Variation: 5 Nc3} (8. Bd3 Bb7 9. Qf3 d6 10. Qg3 Nbd7 11. O-O h5 12. h3 h4 13. Qf3 Be7 14. Nb3 d5 15. Bf4 e5 {0-1 (31) Escobar Medina,A (2343)-Iturrizaga Bonelli,E (2663) Medellin 2017}) 8... Bb7 9. Qd2 Be7 10. g4 {The position is equal.} d6 (10... Nc6 $11) 11. O-O-O Nc6 12. h4 Nd7 13. g5 Nce5 14. h5 (14. f4 $16) 14... Rc8 (14... Nb6 $1 $11 {keeps the balance.}) 15. Rg1 g6 $146 ({Predecessor:} 15... Nc4 16. Bxc4 Qxc4 17. g6 fxg6 18. hxg6 hxg6 19. Rxg6 {1-0 (61) Proof,M (2396)-Sosa Patino,C (2483) ICCF email 2007}) 16. Rh1 (16. Qh2 $16) 16... gxh5 (16... Rg8 $14) 17. Rxh5 $16 Nb6 18. g6 Nxg6 {[#]} 19. Bg5 (19. f4 $142 $1) 19... Nc4 (19... Bxg5 $16 20. Rxg5 Qe7) 20. Bxc4 $1 $18 Qxc4 $2 {[#]} (20... bxc4 21. Bxe7 Qxe7) 21. Bxe7 $1 Nxe7 {[#]} 22. Ndxb5 $1 {[%mdl 512]} axb5 23. Nxb5 ({Not} 23. Qxd6 Kf8 $15) 23... O-O {...Rfd8 would now be nice for Black.} 24. Nxd6 Qb3 (24... Qc7 $142 25. Nxb7 Ng6) 25. Kb1 (25. Qg5+ $142 Ng6 26. Nxc8 Rxc8 27. Rd8+ Rxd8 28. Qxd8+ Kg7 29. cxb3) 25... Qxf3 26. Rg1+ Ng6 27. Qh6 {[%csl Gh5][%cal Rh6h7]} Rfd8 {Strongly threatening ...Qxh5.} 28. Qxh7+ Kf8 {[#]} 29. Rf5 $1 {[%mdl 512] White mates.} Qxf5 (29... exf5 30. Qxf7#) 30. exf5 {[%csl Gd6][%cal Rh7f7]} Rxd6 31. fxg6 fxg6 32. Qxb7 {Accuracy: White = 59%, Black = 31%.} 1-0

[Event "Rodostosah GM 2019"]
[Site "Tekirdag"]
[Date "2019.02.12"]
[Round "4.3"]
[White "Pikula, Dejan"]
[Black "Ozen, Deniz"]
[Result "1/2-1/2"]
[WhiteElo "2477"]
[BlackElo "2410"]
[Annotator "TA"]
[PlyCount "60"]
[EventDate "2019.02.08"]
[EventType "schev"]
[EventCountry "TUR"]
[SourceTitle "playchess.com"]
[Source "ChessBase"]
[SourceQuality "1"]

{[%evp 16,60,35,19,49,43,51,45,48,36,47,43,49,49,79,74,80,31,64,41,54,33,50,-44,-43,-37,-47,-25,-6,-8,-6,-7,-8,-6,-3,-3,-3,-3,-6,-6,0,-10,0,0,0,0,0]} 1. e4 e6 2. d3 d5 3. Nd2 Nc6 4. Ngf3 Nf6 5. c3 e5 6. b4 a6 7. a3 Be7 8. Be2 O-O 9. O-O h6 {C00: French: Unusual White 2nd moves} 10. Bb2 Re8 11. Re1 Bf8 {White is slightly better.} 12. Bf1 dxe4 $146 ({Predecessor:} 12... Bg4 13. h3 Bh5 14. Qc2 dxe4 15. dxe4 Nd7 16. Nh2 Nb6 17. Nc4 Nxc4 18. Bxc4 {½-½ (43) Hansen,S (2543)-Malakhatko,V (2633) Germany 2008}) 13. dxe4 Bg4 14. Qc2 Qd7 15. h3 Bh5 16. c4 Bg6 17. Nb3 Rad8 18. Rac1 Nd4 19. Bxd4 (19. Nfxd4 $14 exd4 20. f3) 19... exd4 $15 20. Bd3 {[#]} Bxe4 $1 {[%mdl 512]} 21. Bxe4 d3 22. Bxd3 {The position is equal.} Qxd3 23. Rxe8 Nxe8 24. c5 Qxc2 25. Rxc2 Rd1+ 26. Kh2 Rd3 27. Nfd2 Nf6 28. Rc4 b6 29. cxb6 cxb6 30. Rd4 Rc3 {Accuracy: White = 50%, Black = 44%.} 1/2-1/2

[Event "Rodostosah GM 2019"]
[Site "Tekirdag"]
[Date "2019.02.12"]
[Round "4.4"]
[White "Stankovic, Milos"]
[Black "Can, Isik"]
[Result "0-1"]
[WhiteElo "2453"]
[BlackElo "2382"]
[Annotator "TA"]
[PlyCount "78"]
[EventDate "2019.02.08"]
[EventType "schev"]
[EventCountry "TUR"]
[SourceTitle "playchess.com"]
[Source "ChessBase"]
[SourceQuality "1"]

{[%evp 16,78,0,0,0,0,0,14,4,12,20,17,31,29,33,32,34,27,30,25,34,22,53,31,34,21,33,10,2,0,0,0,0,0,0,0,7,1,11,0,0,0,0,-8,-6,0,0,-31,-16,-35,24,0,0,0,48,47,159,-356,-350,-349,-342,-6601,-6197,-5198,-3393]} 1. e4 c6 2. d4 d5 3. e5 Bf5 4. c4 e6 5. Nc3 Ne7 6. h3 {B12: Caro-Kann: Advance Variation} (6. a3 dxc4 7. Bxc4 Nd7 8. Nge2 Nb6 9. Bb3 Qd7 10. Ng3 Bg6 11. h4 h6 12. Be3 Nf5 13. h5 Bh7 14. Nxf5 Bxf5 {0-1 (33) Karthikeyan,M (2578)-Berkes,F (2648) Moscow 2017}) 6... Nd7 7. Nf3 dxc4 8. Bxc4 Nd5 9. O-O {LiveBook: 3 Games} Be7 10. Bd3 Bxd3 11. Qxd3 O-O $146 ({Predecessor:} 11... Qb6 12. Nd2 Nb4 13. Qe4 Qa6 14. Qg4 {1-0 (41) Velickovic,S-Narbel,J Bad Pyrmont 1969}) 12. Bd2 Qb6 13. Bg5 {Hoping for Nxd5.} Qd8 14. Ne4 f6 15. exf6 N7xf6 16. Ng3 Bd6 17. Rae1 Qd7 18. Bd2 Rae8 19. Ne5 Qc7 20. Nc4 Bf4 21. Ne5 Nd7 {[%cal Rd7e5]} 22. Bxf4 Nxf4 23. Qa3 Nxe5 24. Rxe5 Qb6 25. Re4 Rd8 26. Qe3 Nd5 27. Qd2 Nf6 28. Rxe6 Qxd4 29. Qg5 {And now Nf5 would win.} Qd2 30. Re3 Kh8 31. Nf5 {[%csl Gf5][%cal Rg5g7]} Rd7 32. Rfe1 Rdf7 (32... Ng8 $15) 33. R1e2 Qc1+ 34. Kh2 {Strongly threatening Nd6.} Ne4 (34... Nd5 $5 {[%cal Rd5e3]} 35. Nd6 Rf6 $11) 35. Qg4 Nd2 {[#]} (35... Qc5 $14) 36. Rc3 $2 {[#]} (36. Ng3 $1 $16 {is necessary to keep the advantage.}) 36... Nf1+ $1 $19 {[%cal Bd2f1,Bf1g3,Bg3e2][%mdl 32]} ({Stronger than} 36... Qxb2 37. Nh6 $11) 37. Kg1 Qa1 38. Qg5 $2 (38. Rec2 Ne3+ 39. Rc1 Qxc1+ 40. Rxc1 Nxg4 41. hxg4) 38... Ng3+ 39. Kh2 Nxe2 {Precision: White = 63%, Black = 57%.} 0-1

[Event "Rodostosah GM 2019"]
[Site "Tekirdag"]
[Date "2019.02.12"]
[Round "4.5"]
[White "Lajthajm, Borko"]
[Black "Ozenir, Ekin Baris"]
[Result "0-1"]
[WhiteElo "2431"]
[BlackElo "2262"]
[Annotator "RC"]
[PlyCount "146"]
[EventDate "2019.02.08"]
[EventType "schev"]
[EventCountry "TUR"]
[SourceTitle "playchess.com"]
[Source "ChessBase"]
[SourceQuality "1"]
[TimeControl "5400+30"]

1. d4 {[%emt 0:00:30]} Nf6 {[%emt 0:00:30]} 2. c4 {[%emt 0:00:30]} e6 {[%emt 0:00:30]} 3. g3 {[%emt 0:00:00]} d5 {[%emt 0:00:30]} 4. cxd5 {[%emt 0:01:00]} exd5 {[%emt 0:00:30]} 5. Nc3 {[%emt 0:00:00]} c6 {[%emt 0:02:30]} 6. Qc2 {[%emt 0:00:00]} Bd6 {[%emt 0:01:30]} 7. Bg2 {[%emt 0:00:30]} O-O {[%emt 0:02:30]} 8. Bf4 {[%emt 0:01:30]} Re8 {[%emt 0:06:30]} 9. Bxd6 {[%emt 0:01:30]} Qxd6 {[%emt 0:00:30]} 10. Nf3 {[%emt 0:00:30]} Na6 {[%emt 0:13:30]} 11. a3 {[%emt 0:00:30]} Nc7 {[%emt 0:00:30]} 12. O-O {[%emt 0:00:30]} Ne4 {[%emt 0:05:30]} 13. e3 {[%emt 0:00:30]} Nxc3 {[%emt 0:07:30]} 14. Qxc3 {[%emt 0:01:30]} Bf5 {[%emt 0:00:30]} 15. Nh4 {[%emt 0:03:30]} Be4 {[%emt 0:08:30]} 16. f3 {[%emt 0:00:30]} Bg6 {[%emt 0:00:30]} 17. Rfe1 {[%emt 0:00:30]} Rad8 {[%emt 0:02:30]} 18. Rad1 {[%emt 0:00:30]} Nb5 {[%emt 0:00:30]} 19. Qb3 {[%emt 0:01:30]} Qc7 {[%emt 0:03:30]} 20. Rc1 {[%emt 0:01:30]} Qa5 {[%emt 0:01:30]} 21. Qd1 {[%emt 0:03:30]} Qb6 {[%emt 0:03:30]} 22. Bf1 {[%emt 0:00:30]} Nd6 {[%emt 0:00:30]} 23. Qd2 {[%emt 0:00:30]} Re7 {[%emt 0:00:30]} 24. b4 {[%emt 0:00:30]} Rde8 {[%emt 0:00:30]} 25. a4 {[%emt 0:00:30]} a6 {[%emt 0:00:30]} 26. Rc5 {[%emt 0:01:30]} f5 {[%emt 0:19:14]} 27. Bd3 {[%emt 0:05:30]} Bh5 {[%emt 0:07:02]} 28. Kf2 {[%emt 0:03:30]} Rf8 {[%emt 0:00:34]} 29. b5 {[%emt 0:04:30]} Ne4+ {[%emt 0:04:23]} 30. Bxe4 {[%emt 0:00:30]} fxe4 {[%emt 0:00:00]} 31. f4 {[%emt 0:00:00]} axb5 {[%emt 0:03:01]} 32. axb5 {[%emt 0:00:00]} g5 {[%emt 0:02:31]} 33. Ng2 {[%emt 0:00:30]} h6 {[%emt 0:00:12]} 34. Rec1 {[%emt 0:00:30]} Re6 {[%emt 0:01:43]} 35. Qc2 {[%emt 0:01:30]} Be8 {[%emt 0:00:55]} 36. Kg1 {[%emt 0:00:30]} Qd8 {[%emt 0:01:07]} 37. bxc6 {[%emt 0:00:30]} Bxc6 {[%emt 0:01:16]} 38. Qe2 {[%emt 0:00:30]} Qf6 {[%emt 0:00:30]} 39. h4 {[%emt 0:00:30]} Qg7 {[%emt 0:00:50]} 40. Kh2 {[%emt 0:01:30]} Ref6 {[%emt 0:00:36]} 41. Ra1 {[%emt 0:00:30]} Rg6 {[%emt 0:00:33]} 42. Qf2 {[%emt 0:04:30]} Qd7 {[%emt 0:00:28]} 43. Qe2 {[%emt 0:01:30]} Qg7 {[%emt 0:00:06]} 44. Ra7 {[%emt 0:00:00]} Kh8 {[%emt 0:00:57]} 45. Rc1 {[%emt 0:01:00]} Rg8 {[%emt 0:00:30]} 46. f5 {[%emt 0:05:30]} Rf6 {[%emt 0:00:05]} 47. Qg4 {[%emt 0:00:00]} Qf7 {[%emt 0:00:55]} 48. Rf1 {[%emt 0:00:00]} Bb5 {[%emt 0:00:24]} 49. Rh1 {[%emt 0:01:30]} h5 {[%emt 0:00:35]} 50. Qd1 {[%emt 0:01:30]} Rxf5 {[%emt 0:00:26]} 51. hxg5 {[%emt 0:09:30]} Rf2 {[%emt 0:00:24]} 52. Rxb7 {[%emt 0:00:30]} Qf3 {[%emt 0:00:39]} 53. Qxf3 {[%emt 0:01:30]} exf3 {[%emt 0:00:01]} 54. Rxb5 {[%emt 0:00:00]} Rxg2+ {[%emt 0:00:05]} 55. Kh3 {[%emt 0:00:00]} Rxg5 {[%emt 0:00:08]} 56. Kh4 {[%emt 0:01:30]} Rg4+ {[%emt 0:00:48]} 57. Kxh5 {[%emt 0:00:00]} R4xg3 {[%emt 0:00:27]} 58. Rb8+ {[%emt 0:02:00]} Kg7 {[%emt 0:00:30]} 59. Rb7+ {[%emt 0:00:00]} Kf6 {[%emt 0:00:30]} 60. Rb6+ {[%emt 0:00:00]} Kf5 {[%emt 0:00:33]} 61. Rh4 {[%emt 0:00:30]} Rg5+ {[%emt 0:01:02]} 62. Kh6 {[%emt 0:00:30]} Rg6+ {[%emt 0:00:00]} 63. Rxg6 {[%emt 0:00:30]} Rxg6+ {[%emt 0:00:03]} 64. Kh5 {[%emt 0:00:00]} Rg5+ {[%emt 0:00:50]} 65. Kh6 {[%emt 0:00:00]} Rg4 {[%emt 0:00:14]} 66. Rh5+ {[%emt 0:00:00]} Ke4 {[%emt 0:00:12]} 67. Re5+ {[%emt 0:00:00]} Kd3 {[%emt 0:00:00]} 68. Kh5 {[%emt 0:00:30]} Rg8 {[%emt 0:00:29]} 69. Rxd5 {[%emt 0:00:30]} f2 {[%emt 0:00:30]} 70. Rf5 {[%emt 0:00:30]} Kxe3 {[%emt 0:00:30]} 71. d5 {[%emt 0:00:30]} Ke2 {[%emt 0:00:30]} 72. Re5+ {[%emt 0:00:30]} Kf3 {[%emt 0:00:30]} 73. Rf5+ {[%emt 0:00:30]} Kg2 {[%emt 0:00:30]} 0-1

[Event "Rodostosah GM 2019"]
[Site "Tekirdag"]
[Date "2019.02.13"]
[Round "5.1"]
[White "Gokerkan, Cem Kaan"]
[Black "Annageldyev, Orazly"]
[Result "1-0"]
[WhiteElo "2423"]
[BlackElo "2377"]
[Annotator "TA"]
[PlyCount "75"]
[EventDate "2019.02.08"]
[EventType "schev"]
[EventCountry "TUR"]
[SourceTitle "playchess.com"]
[Source "ChessBase"]
[SourceQuality "1"]

{[%evp 22,75,-36,-46,-32,-46,0,-23,-18,-21,18,22,5,18,16,16,22,9,10,20,18,-31,0,-23,571,564,547,554,570,581,558,414,606,503,487,499,491,477,579,539,505,513,494,439,1237,653,900,811,29987,29988,29988,29989,29992,29993,29998,29999]} 1. e4 e6 2. d3 d5 3. Nd2 c5 4. Ngf3 Nc6 5. g3 Nf6 6. Bg2 Be7 7. O-O Qc7 8. Re1 O-O 9. e5 Nd7 10. Qe2 b5 11. Nf1 Bb7 12. Bf4 {LiveBook: 16 Games. C00: French: Unusual White 2nd moves} Rfd8 (12... Rfc8 13. Ne3 Qd8 14. h4 h6 15. c3 b4 16. c4 Nb6 17. Rad1 Rc7 18. Ng4 Qf8 19. Qe3 Nd4 20. Nxd4 cxd4 {0-1 (44) Svidler,P (2760)-Kramnik,V (2800) Moscow 2018}) 13. h4 d4 14. h5 $146 {The position is equal.} ({Predecessor:} 14. N1h2 Nb6 15. Ng4 Bf8 16. Ng5 Ne7 17. Nf6+ {1-0 (17) Moingt,J (2290)-Duchene,R (2200) France 1999}) 14... h6 $1 15. a3 Nb6 {[%cal Bd7b6,Bb6d5,Bd5b4,Bb4c2][%mdl 32]} 16. g4 $1 c4 17. g5 Nd5 18. Bc1 cxd3 19. Qxd3 {[#]} Ncb4 $1 {[%mdl 512]} 20. axb4 Nxb4 21. Qd2 Nxc2 {Threatens to win with ...hxg5.} (21... hxg5 $5 {[%cal Rb4c2]} 22. Nxd4 Rxd4 23. Qxd4 Nxc2 24. Bxb7 Nxd4 25. Bxa8 Nc2 $17) 22. gxh6 gxh6 $2 {[%mdl 8192]} (22... Nxa1 $11 {and Black has nothing to worry.} 23. hxg7 Qc2) 23. Qxh6 $18 Bf8 24. Qg5+ Kh8 25. Bd2 Nxa1 26. Rxa1 Qe7 (26... Qc2 $142 27. Rxa7 Rxa7) 27. Qg4 Bxf3 28. Qxf3 (28. Bxf3 Bh6 $18) 28... Rac8 29. Qg4 Qc7 30. Re1 Be7 31. Qf4 {[#] Black must now prevent Qh6+.} Bf8 32. h6 {Intending Qf6+ and mate.} ({Less strong is} 32. Rc1 Qe7 $18) 32... Qe7 (32... f5 $142 33. exf6 Qxf4 34. Bxf4 Bd6) 33. Qg4 f5 34. exf6 Qxf6 35. Rxe6 {White mates.} Qf7 36. Bg5 Re8 37. Bf6+ Kh7 38. Be4+ {Precision: White = 80%, Black = 33%.} 1-0